| Поле | Инд. | ПП | Название | Значение |
|---|---|---|---|---|
| Тип записи | a | |||
| Библиографический уровень | b | |||
| 001 | Контрольный номер | RU/IS/BASE/420031424 | ||
| 005 | Дата корректировки | 20260224150019.8 | ||
| 008 | Кодируемые данные | 20130423 | ||
| 084 | a | Индекс другой классификации/Индекс ББК | 66.3,124; 65.44 | |
| 100 | 1_ | a | Автор | Ан А. Л. |
| q | Полное имя | Ан Александра Леонтьевна | ||
| 245 | 10 | a | Заглавие | Роль общественного пространства в муниципальных образованиях |
| 504 | a | Библиография | Лит. - Примеч. | |
| 520 | 0_ | a | Аннотация | Рассматриваются исторические предпосылки образования общественных пространств, дается определение общественных пространств, представлен анализ системы управления формированием общественных пространств на примере Манежной площади, г. Москвы и площади Санто Доминго, г. Мадрида. |
| 650 | 04 | a | Основная рубрика | внутренняя политика |
| a | Основная рубрика | городское хозяйство | ||
| a | Основная рубрика | местное самоуправление | ||
| a | Основная рубрика | политика | ||
| a | Основная рубрика | экономика | ||
| 653 | 0_ | a | Ключевые слова | властные полномочия |
| a | Ключевые слова | города | ||
| a | Ключевые слова | городское сообщество | ||
| a | Ключевые слова | Испания | ||
| a | Ключевые слова | Мадрид | ||
| a | Ключевые слова | Манежная площадь | ||
| a | Ключевые слова | места общественного пользования | ||
| a | Ключевые слова | место социализации | ||
| a | Ключевые слова | Москва | ||
| a | Ключевые слова | муниципальные образования | ||
| a | Ключевые слова | общественное пространство | ||
| a | Ключевые слова | полисы (города-государства) | ||
| a | Ключевые слова | правовое регулирование | ||
| a | Ключевые слова | проблемы управления | ||
| a | Ключевые слова | Россия | ||
| a | Ключевые слова | Санто Доминго (площадь) | ||
| a | Ключевые слова | управление городом | ||
| a | Ключевые слова | управление общественным пространством | ||
| a | Ключевые слова | эффективность управления | ||
| 773 | 18 | t | Заглавие источника | Вопросы государственного и муниципального управления |
| d | Дата издания источника | 2012 | ||
| g | Прочая информация | № 1. - С. 174 - 184 | ||
| w | Контрольный № источника | RU/IS/BASE/388163602 | ||
| 901 | t | Тип документа | b |